[Event "I Open Alfa Lum A"]
[Site "Cagliari ITA"]
[Date "2009.08.29"]
[Round "4"]
[White "Boi, Fausto"]
[Black "Di Pinto, Vincenzo"]
[Result "1-0"]
[WhiteElo "1830"]
[BlackElo "1571"]
[PlyCount "63"]
[EventDate "2009.08.28"]

1. e4 c5 2. d3 Nc6 3. f4 d6 4. Nf3 e6 5. g3 g6 6. Bg2 Bg7 7. O-O b5 8. Nh4 Bb7
9. f5 Bf6 10. fxe6 fxe6 11. Nf3 h5 12. h4 Nh6 13. Ng5 Kd7 14. Bh3 Bd4+ 15. Kg2
Ng4 16. Bxg4 hxg4 17. Nf7 Qe7 18. Nxh8 Rxh8 19. Bg5 Qg7 20. c3 Be5 21. Na3 b4
22. Nc4 bxc3 23. Nxe5+ Nxe5 24. Bf6 Qh6 25. Bxh8 cxb2 26. Bxe5 bxa1=Q 27. Bxa1
c4 28. Rf7+ Kc8 29. Bf6 Qe3 30. Bg5 Qd4 31. Rf8+ Kd7 32. Qa4+ 1-0

[Event "I Open Alfa Lum A"]
[Site "Cagliari ITA"]
[Date "2009.08.29"]
[Round "4"]
[White "Costa, Gabriele"]
[Black "Sorcinelli, Andrea"]
[Result "0-1"]
[WhiteElo "1320"]
[BlackElo "1833"]
[PlyCount "118"]
[EventDate "2009.08.28"]

1. e4 c5 2. f4 Nc6 3. Nf3 d6 4. Bc4 Bg4 5. O-O e6 6. c3 g6 7. h3 Bxf3 8. Qxf3
Nge7 9. d3 Bg7 10. Be3 Na5 11. Nd2 Nxc4 12. Nxc4 b5 13. Nd2 O-O 14. g4 f5 15.
g5 b4 16. h4 bxc3 17. bxc3 Bxc3 18. Rac1 Bd4 19. Bxd4 cxd4 20. Nc4 fxe4 21.
Qxe4 Qd7 22. Qxd4 d5 23. Ne5 Qd6 24. Ng4 Nf5 25. Nh6+ Nxh6 26. gxh6 Qb6 27.
Qxb6 axb6 28. Rc2 Ra4 29. Rc6 Raxf4 30. Rxf4 Rxf4 31. Rxe6 Rxh4 32. Rxb6 Rxh6
33. Rd6 Rh5 34. a4 Rh4 35. a5 Rd4 36. a6 Ra4 37. Rxd5 Rxa6 38. Kf2 Kg7 39. Kf3
Re6 40. d4 Kh6 41. Kf4 Kg7 42. Rd7+ Kh6 43. Rd8 Re1 44. Rd5 Rf1+ 45. Ke3 g5 46.
Rd6+ Kh5 47. d5 g4 48. Re6 g3 49. Re5+ Kh4 50. Re4+ Kh3 51. Ke2 g2 52. Re3+ Kh2
53. Re5 g1=Q 54. Rh5+ Kg3 55. Rg5+ Kh4 56. Rxg1 Rxg1 57. Ke3 Rd1 58. Ke4 Kg3
59. Ke5 h5 0-1

[Event "I Open Alfa Lum A"]
[Site "Cagliari ITA"]
[Date "2009.08.29"]
[Round "4"]
[White "Lobina, Paolo"]
[Black "Palmas, Alessandro"]
[Result "0-1"]
[WhiteElo "1767"]
[BlackElo "1820"]
[PlyCount "52"]
[EventDate "2009.08.28"]

1. c4 Nf6 2. d4 e5 3. dxe5 Ng4 4. Nf3 Nc6 5. Nc3 Ngxe5 6. e3 d6 7. Nxe5 Nxe5 8.
Be2 Be6 9. b3 Be7 10. O-O O-O 11. f4 Nc6 12. f5 Bd7 13. Bb2 Bf6 14. a3 Re8 15.
Qd2 Qc8 16. Bd3 Rxe3 17. Nd5 Rxd3 18. Qxd3 Bxb2 19. Ra2 Be5 20. b4 Qd8 21. b5
Ne7 22. Raf2 Nxd5 23. Qxd5 c6 24. Qd3 cxb5 25. cxb5 Qb6 26. Kh1 Bxb5 0-1

[Event "I Open Alfa Lum A"]
[Site "Cagliari ITA"]
[Date "2009.08.29"]
[Round "4"]
[White "Maldarelli, Lorenzo"]
[Black "Lobina, Giulio"]
[Result "0-1"]
[WhiteElo "1798"]
[BlackElo "1775"]
[PlyCount "112"]
[EventDate "2009.08.28"]

1. d4 Nf6 2. Nf3 d5 3. c4 e6 4. Bg5 Be7 5. Nc3 h6 6. Bh4 dxc4 7. e4 a6 8. a4
Nc6 9. Bxc4 g5 10. Bg3 g4 11. e5 gxf3 12. exf6 fxg2 13. Rg1 Bxf6 14. d5 Bxc3+
15. bxc3 Na5 16. Qd4 Rf8 17. Ba2 Qe7 18. d6 Qd7 19. O-O-O cxd6 20. Bxd6 Rg8 21.
Rxg2 Rf8 22. Qg7 Qxd6 23. Rxd6 Bd7 24. Qe5 Nc6 25. Qf6 Ne7 26. Rg4 Nf5 27. Rc4
Nxd6 28. Rc7 Rc8 29. Rxc8+ Nxc8 30. Qxh6 Bxa4 31. h4 Ne7 32. h5 Rg8 33. Qf4
Rg1+ 34. Kd2 Bc6 35. Qb8+ Kd7 36. Bc4 Rh1 37. Qf8 Rxh5 38. Qxf7 Re5 39. f4 Re4
40. Kd3 Kd6 41. Qf8 Kd7 42. Qf7 Kd6 43. Bb3 Re1 44. c4 Nf5 45. c5+ Kxc5 46.
Bxe6 Nd6 47. Kd2 Nxf7 48. Kxe1 Bd5 49. Bc8 a5 50. Kd2 b5 51. f5 a4 52. Kc2 b4
53. Kb2 a3+ 54. Ka1 b3 55. Be6 b2+ 56. Kb1 Be4+ 0-1

[Event "I Open Alfa Lum A"]
[Site "Cagliari ITA"]
[Date "2009.08.29"]
[Round "4"]
[White "Melis, Daniele"]
[Black "Toniolo, Massimo"]
[Result "1-0"]
[WhiteElo "1368"]
[BlackElo "1674"]
[PlyCount "137"]
[EventDate "2009.08.28"]

1. e4 c5 2. d4 cxd4 3. c3 dxc3 4. Nxc3 e6 5. Nf3 Nc6 6. Bc4 a6 7. a4 Qc7 8. O-O
Nf6 9. Re1 d6 10. Bf4 Nh5 11. Be3 Be7 12. Bd3 Nf6 13. Bf4 Nd7 14. Rc1 Qb8 15.
Bc4 e5 16. Bg5 Nb6 17. Bxf7+ Kxf7 18. Qb3+ Be6 19. Qxb6 Re8 20. Qe3 Kg8 21.
Bxe7 Rxe7 22. Ng5 Qf8 23. Nxe6 Rxe6 24. Nd5 Qf7 25. Rf1 Rf8 26. f4 Qh5 27. Rf3
Nd4 28. Rf2 Qh6 29. Rcf1 Nc6 30. Rf3 exf4 31. Rxf4 Rxf4 32. Rxf4 Ne5 33. Qb3
Nf7 34. Qxb7 Qh5 35. Qc8+ Nd8 36. Qxd8+ Qe8 37. Qxe8+ Rxe8 38. Nc7 Rb8 39. Rf2
a5 40. Nb5 Rd8 41. Rd2 Kf7 42. Nxd6+ Ke6 43. e5 Rb8 44. Re2 Rb4 45. Kf2 Rxa4
46. Kf3 Rb4 47. g3 a4 48. h3 g5 49. g4 Rb3+ 50. Kg2 h6 51. Kh2 Rf3 52. Kg2 Rb3
53. Nf5 Rd3 54. Nxh6 Rd1 55. Nf5 Ra1 56. Nd4+ Ke7 57. Nf3 Ra2 58. Ne1 a3 59.
Nd3 Ke6 60. Kf2 axb2 61. Rxb2 Rxb2+ 62. Nxb2 Kxe5 63. Kf3 Kd4 64. Nd1 Ke5 65.
Nf2 Kf6 66. Ke4 Ke6 67. Nd3 Kf6 68. Nc5 Kg6 69. Ke5 1-0

[Event "I Open Alfa Lum A"]
[Site "Cagliari ITA"]
[Date "2009.08.29"]
[Round "4"]
[White "Nessi, Davide"]
[Black "Sotgiu, Roberto"]
[Result "0-1"]
[WhiteElo "1584"]
[BlackElo "1726"]
[PlyCount "72"]
[EventDate "2009.08.28"]

1. d4 Nf6 2. c4 e6 3. Nc3 d5 4. e3 c6 5. Nf3 a6 6. cxd5 exd5 7. Bd3 Bd6 8. O-O
O-O 9. h3 Re8 10. a3 Nbd7 11. Bd2 Ne4 12. Ne1 Qc7 13. Nxe4 dxe4 14. Bc4 Nf6 15.
Rc1 Be6 16. Bxe6 fxe6 17. Qb3 Nd5 18. Qc2 Nf6 19. g4 g5 20. b4 h5 21. gxh5 Qh7
22. Kg2 Qxh5 23. Rh1 Rf8 24. Qd1 Qh4 25. Qe2 Rf7 26. Nc2 Raf8 27. Rcf1 Nh5 28.
Be1 Rf3 29. Na1 g4 30. Rfg1 gxh3+ 31. Kf1+ Ng3+ 32. Rxg3+ Rxg3 33. f4 exf3 34.
Qf2 Qg4 35. Nb3 Rg2 36. Rg1 h2 0-1

[Event "I Open Alfa Lum A"]
[Site "Cagliari ITA"]
[Date "2009.08.29"]
[Round "4"]
[White "Pani, Luca"]
[Black "Erriu, Giampiero"]
[Result "1-0"]
[WhiteElo "1500"]
[BlackElo "1757"]
[PlyCount "83"]
[EventDate "2009.08.28"]

1. d4 c5 2. Nf3 e6 3. e3 Nf6 4. Nbd2 Nc6 5. c3 b6 6. Bd3 Bb7 7. O-O Qc7 8. Re1
h6 9. e4 cxd4 10. cxd4 Nb4 11. Bb1 Be7 12. a3 Nc6 13. b4 O-O 14. Bb2 d5 15. e5
Ne8 16. Nf1 Qd8 17. Qd3 f5 18. exf6 Nxf6 19. Rxe6 Qd7 20. Re3 Rae8 21. Ne5 Nxe5
22. dxe5 Ne4 23. Rxe4 Qf5 24. Re2 Qxd3 25. Bxd3 Bc8 26. Nd2 Bf5 27. Bxf5 Rxf5
28. Nf3 Bd8 29. Rd1 Re6 30. Rxd5 Bg5 31. Nxg5 Rxg5 32. f4 Rf5 33. Rf2 h5 34. h4
Kh7 35. g3 Rg6 36. Kg2 Kh6 37. Rd6 Kh7 38. Rxg6 Kxg6 39. Re2 Rf7 40. e6 Re7 41.
Kf3 Kh7 42. f5 1-0

[Event "I Open Alfa Lum A"]
[Site "Cagliari ITA"]
[Date "2009.08.29"]
[Round "4"]
[White "Pili, Giangiuseppe"]
[Black "Massa, Gianluca"]
[Result "1/2-1/2"]
[WhiteElo "1698"]
[BlackElo "1545"]
[PlyCount "66"]
[EventDate "2009.08.28"]

1. d4 d5 2. Nf3 e6 3. c4 Nf6 4. Nc3 Be7 5. Bf4 c6 6. e3 O-O 7. Be2 dxc4 8. Bxc4
Nbd7 9. O-O Nd5 10. Bg3 N7f6 11. Re1 Nxc3 12. bxc3 Ne4 13. Qc2 Nxg3 14. hxg3
Bf6 15. a4 Qa5 16. e4 g6 17. e5 Bg7 18. Nd2 Bd7 19. Ne4 Qc7 20. Nd6 c5 21. d5
Bxe5 22. Nxb7 Rfe8 23. d6 Bxd6 24. Nxd6 Qxd6 25. Red1 Qc7 26. Rab1 Rab8 27. Bb5
Bxb5 28. axb5 c4 29. Qa4 Red8 30. Rb4 Rxd1+ 31. Qxd1 Qc5 32. Qd7 Qe5 33. Qc6
Qe1+ 1/2-1/2

[Event "I Open Alfa Lum A"]
[Site "Cagliari ITA"]
[Date "2009.08.29"]
[Round "4"]
[White "Puzzoni, Christian"]
[Black "Putzolu, Marcello"]
[Result "1-0"]
[WhiteElo "2101"]
[BlackElo "1872"]
[PlyCount "93"]
[EventDate "2009.08.28"]

1. e4 c5 2. Nf3 d6 3. d4 cxd4 4. c3 d3 5. Bxd3 Nc6 6. Bg5 g6 7. Nbd2 Bg7 8. Qc2
Nf6 9. Nc4 O-O 10. h4 Bg4 11. Nfd2 h5 12. f3 Be6 13. Ne3 Ne5 14. Be2 Qb6 15.
Ndc4 Bxc4 16. Nxc4 Nxc4 17. Bxc4 Qc5 18. Bb3 b5 19. O-O-O a5 20. g4 a4 21. Bd5
Rab8 22. gxh5 Nxh5 23. Bxe7 Rfe8 24. Bxd6 Qe3+ 25. Kb1 Rbd8 26. e5 Nf4 27. Bc6
Re6 28. Rhe1 Qb6 29. Qe4 Ng2 30. Re2 Rxe5 31. Bxe5 Rxd1+ 32. Kc2 Qg1 33. Bxb5
Rc1+ 34. Kd3 Rd1+ 35. Kc4 Rd8 36. Bxg7 Rc8+ 37. Kb4 Qc5+ 38. Kxa4 Rb8 39. Qc4
Qa7+ 40. Kb3 Nf4 41. Be5 Rxb5+ 42. Qxb5 Nxe2 43. Qxe2 Qe7 44. Qe4 Qe6+ 45. Kc2
Qa6 46. Qd5 Qc8 47. Bf6 1-0

[Event "I Open Alfa Lum A"]
[Site "Cagliari ITA"]
[Date "2009.08.29"]
[Round "4"]
[White "Ravagnani, Tiziano"]
[Black "Masala, Diego"]
[Result "1/2-1/2"]
[WhiteElo "2053"]
[BlackElo "1464"]
[PlyCount "68"]
[EventDate "2009.08.28"]

1. e4 Nf6 2. e5 Nd5 3. c4 Nb6 4. c5 Nd5 5. Bc4 e6 6. d4 d6 7. cxd6 cxd6 8. Nc3
Nxc3 9. bxc3 d5 10. Bd3 Bd7 11. Nh3 Nc6 12. O-O Be7 13. Qg4 g6 14. Bd2 Rb8 15.
f4 b5 16. f5 exf5 17. Qe2 b4 18. Nf4 Be6 19. Rab1 O-O 20. Nh5 gxh5 21. Qxh5 f6
22. Rf3 Rf7 23. Bh6 Bf8 24. Rg3+ Bg7 25. Bxf5 Bxf5 26. Qxf5 Kh8 27. e6 Rfb7 28.
Bf4 Rc8 29. Rh3 Bf8 30. Re1 Qe7 31. Ree3 bxc3 32. Rxh7+ Qxh7 33. Rh3 Qxh3 34.
Qxh3+ Kg8 1/2-1/2

[Event "I Open Alfa Lum A"]
[Site "Cagliari ITA"]
[Date "2009.08.29"]
[Round "4"]
[White "Rocco, Luciano"]
[Black "Me, Gianantonio"]
[Result "0-1"]
[WhiteElo "1506"]
[BlackElo "1978"]
[PlyCount "132"]
[EventDate "2009.08.28"]

1. d4 d5 2. c4 c6 3. Nc3 Nf6 4. e3 Bf5 5. cxd5 cxd5 6. Bd3 Bxd3 7. Qxd3 e6 8.
Nf3 Be7 9. O-O O-O 10. a3 Nbd7 11. b4 Rc8 12. Bb2 Nb6 13. Nd2 Nc4 14. Nxc4 Rxc4
15. Rac1 Qd7 16. Nb1 Rfc8 17. Nd2 Rxc1 18. Rxc1 Rxc1+ 19. Bxc1 Qc6 20. Bb2 b6
21. b5 Qc7 22. a4 Bb4 23. Nb1 Ne4 24. f3 Nd6 25. Bc3 Bxc3 26. Qxc3 Qxc3 27.
Nxc3 f5 28. Kf2 Kf7 29. h4 Nc4 30. Ke2 g6 31. g3 h6 32. f4 g5 33. h5 g4 34. Kd3
Nd6 35. Ke2 Ne8 36. Na2 Ke7 37. Nb4 Kd7 38. Nc6 Nf6 39. Nxa7 Nxh5 40. Kf2 Nf6
41. Nc6 Ne4+ 42. Kg2 Nc3 43. a5 bxa5 44. Nxa5 Nxb5 45. Nb7 Nc3 46. Kf1 Ne4 47.
Kg2 Kc7 48. Na5 Kb6 49. Nb3 Kb5 50. Nc1 Kc4 51. Ne2 Kd3 52. Nc1+ Kxe3 53. Nb3
Nd6 54. Nc5 Kxd4 55. Nxe6+ Ke4 56. Nc5+ Ke3 57. Ne6 d4 58. Nxd4 Kxd4 59. Kf2
Ne4+ 60. Kg2 Ke3 61. Kh2 Kf3 62. Kg1 Nxg3 63. Kh2 Ne2 64. Kh1 Nxf4 65. Kh2 g3+
66. Kg1 Ne2+ 0-1

[Event "I Open Alfa Lum A"]
[Site "Cagliari ITA"]
[Date "2009.08.29"]
[Round "4"]
[White "Saccheri, Fabio"]
[Black "Cerioni, Armando"]
[Result "0-1"]
[WhiteElo "1742"]
[BlackElo "1987"]
[PlyCount "52"]
[EventDate "2009.08.28"]

1. d4 d5 2. Nf3 e6 3. g3 c5 4. c4 Nc6 5. Bg2 Nf6 6. Nc3 Be7 7. O-O O-O 8. cxd5
exd5 9. Bf4 Bg4 10. dxc5 Bxc5 11. Rc1 d4 12. Na4 Be7 13. Ne5 Be6 14. Nxc6 bxc6
15. Bxc6 Nd5 16. Bxa8 Qxa8 17. Qd2 Bh3 18. f3 Nxf4 19. Qxf4 Qd8 20. Qc7 Bg5 21.
Rfd1 Qe8 22. Qc4 Qe3+ 23. Kh1 Qf2 24. Rg1 Bxc1 25. Qxc1 Qxe2 26. Qd1 Bg2+ 0-1

[Event "I Open Alfa Lum A"]
[Site "Cagliari ITA"]
[Date "2009.08.29"]
[Round "4"]
[White "Serra, Mattia"]
[Black "Sitzia, Carlo"]
[Result "1-0"]
[WhiteElo "1518"]
[BlackElo "1487"]
[PlyCount "65"]
[EventDate "2009.08.28"]

1. d4 Nf6 2. c4 g6 3. Nc3 d5 4. cxd5 Nxd5 5. e4 Nxc3 6. bxc3 Bg7 7. Nf3 c5 8.
Be2 O-O 9. O-O Qc7 10. Be3 Rd8 11. Rc1 b6 12. Qb3 Bb7 13. Nd2 Nd7 14. Bc4 e6
15. e5 Qc6 16. f3 Re8 17. Ne4 Bf8 18. Bb5 Qc7 19. Bxd7 Bd5 20. Nf6+ Kh8 21.
Nxd5 exd5 22. Bxe8 Rxe8 23. Qxd5 f5 24. Qb3 c4 25. Qb1 a6 26. Rfe1 b5 27. Re2
h6 28. Rce1 g5 29. Qxf5 Qa5 30. Qc2 Qc7 31. Bf2 Qf7 32. e6 Qf4 33. Bg3 1-0

[Event "I Open Alfa Lum A"]
[Site "Cagliari ITA"]
[Date "2009.08.30"]
[Round "5"]
[White "Cerioni, Armando"]
[Black "Pani, Luca"]
[Result "1-0"]
[WhiteElo "1987"]
[BlackElo "1500"]
[PlyCount "111"]
[EventDate "2009.08.28"]

1. e4 c5 2. Na3 g6 3. c3 Bg7 4. f4 Nc6 5. Nf3 Nf6 6. d3 d5 7. e5 Ng8 8. d4 cxd4
9. cxd4 Nh6 10. Nc2 O-O 11. h3 Nf5 12. Kf2 f6 13. g4 Nh6 14. Kg2 fxe5 15. fxe5
Be6 16. Bd3 Qb6 17. Rf1 Kh8 18. Qe1 Rxf3 19. Rxf3 Nxd4 20. Nxd4 Qxd4 21. Qh4
Nf5 22. Qf2 Qxf2+ 23. Rxf2 Nd4 24. Bf4 Kg8 25. Rc1 Nc6 26. Bb5 Rc8 27. Bxc6
bxc6 28. Rc5 g5 29. Bg3 Bd7 30. Ra5 Bf8 31. Rxa7 Be8 32. e6 Bg6 33. Be5 d4 34.
Bxd4 c5 35. Bc3 c4 36. Kg1 h6 37. a4 Rd8 38. a5 Rd1+ 39. Rf1 Rd8 40. a6 Bd3 41.
Re1 Kh7 42. Rd7 Ra8 43. a7 Kg8 44. Ra1 h5 45. Rb7 hxg4 46. hxg4 Be4 47. Rb8 Kh7
48. Rxa8 Bxa8 49. Ra4 Kg6 50. Rxc4 Bd5 51. Rc8 Bb7 52. Rxf8 Bc6 53. a8=Q Bh1
54. Kxh1 Kh7 55. Qe4+ Kh6 56. Rh8# 1-0

[Event "I Open Alfa Lum A"]
[Site "Cagliari ITA"]
[Date "2009.08.30"]
[Round "5"]
[White "Di Pinto, Vincenzo"]
[Black "Dessy, Eugenio"]
[Result "0-1"]
[WhiteElo "1571"]
[BlackElo "1665"]
[PlyCount "76"]
[EventDate "2009.08.28"]

1. e4 e5 2. Nf3 Nc6 3. Bb5 a6 4. Ba4 Nf6 5. d3 b5 6. Bb3 Bc5 7. O-O d6 8. c3
O-O 9. Bg5 Bg4 10. Nbd2 Nb8 11. a4 Nbd7 12. Bd5 Ra7 13. b4 c6 14. Bxc6 Bb6 15.
axb5 Qc7 16. Qb3 axb5 17. Bxb5 Be6 18. Bc4 Bg4 19. h3 Bh5 20. Be3 Bxe3 21. fxe3
Rxa1 22. Rxa1 Qb6 23. Kf2 Rc8 24. Nh4 Qd8 25. Nf5 Nb6 26. Ra6 Rb8 27. Ra7 Nxc4
28. Nxc4 d5 29. exd5 Nxd5 30. Nxe5 Qb6 31. Ne7+ Nxe7 32. Rxe7 Qf6+ 33. Kg1 Qxe7
34. Nc4 Ra8 35. Qb2 Bg6 36. e4 Qa7+ 37. Kh2 Qc7+ 38. g3 Bxe4 0-1

[Event "I Open Alfa Lum A"]
[Site "Cagliari ITA"]
[Date "2009.08.30"]
[Round "5"]
[White "Erriu, Giampiero"]
[Black "Pili, Giangiuseppe"]
[Result "1-0"]
[WhiteElo "1757"]
[BlackElo "1698"]
[PlyCount "51"]
[EventDate "2009.08.28"]

1. d4 Nf6 2. c4 e6 3. Nc3 Bb4 4. Qc2 d5 5. Nf3 O-O 6. e3 Nbd7 7. Bd3 c6 8. Bd2
dxc4 9. Bxc4 b5 10. Bd3 Bb7 11. e4 g6 12. e5 Bxc3 13. Bxc3 Nd5 14. Bd2 a6 15.
h4 Re8 16. h5 Nf8 17. hxg6 fxg6 18. Ng5 Nb4 19. Qc3 Nxd3+ 20. Qxd3 c5 21. Qh3
Qxd4 22. Nxh7 Qxe5+ 23. Be3 Qxb2 24. Rc1 Qg7 25. Nxf8 Kxf8 26. Bh6 1-0

[Event "I Open Alfa Lum A"]
[Site "Cagliari ITA"]
[Date "2009.08.30"]
[Round "5"]
[White "Lobina, Giulio"]
[Black "Saccheri, Fabio"]
[Result "0-1"]
[WhiteElo "1775"]
[BlackElo "1742"]
[PlyCount "92"]
[EventDate "2009.08.28"]

1. e4 e5 2. Nf3 Nc6 3. Bc4 Nf6 4. Ng5 d5 5. exd5 b5 6. dxc6 bxc4 7. Qe2 Qd5 8.
O-O Bd6 9. Nc3 Qxc6 10. Qf3 Bb7 11. Qxc6+ Bxc6 12. Re1 O-O 13. Nge4 Nxe4 14.
Nxe4 f5 15. Ng3 Rae8 16. b3 e4 17. Bb2 f4 18. Ne2 e3 19. dxe3 fxe3 20. fxe3
Rxe3 21. Bd4 Re7 22. Ng3 Rxe1+ 23. Rxe1 cxb3 24. axb3 a6 25. Ra1 Bb7 26. c4 Rf4
27. Be3 Rg4 28. Kf2 h5 29. c5 Be5 30. c6 Bxa1 31. cxb7 Rb4 32. Nxh5 Rxb7 33.
Bf4 Bd4+ 34. Ke2 c5 35. Kd3 Rxb3+ 36. Kc4 Rb2 37. g4 a5 38. Bd6 a4 39. Ng3 a3
40. Nf5 a2 41. g5 Kf7 42. Kd5 a1=Q 43. g6+ Kxg6 44. Ne7+ Kf7 45. Nf5 Qh1+ 46.
Kc4 Rb4+ 0-1

[Event "I Open Alfa Lum A"]
[Site "Cagliari ITA"]
[Date "2009.08.30"]
[Round "5"]
[White "Masala, Diego"]
[Black "Maldarelli, Lorenzo"]
[Result "1-0"]
[WhiteElo "1464"]
[BlackElo "1798"]
[PlyCount "65"]
[EventDate "2009.08.28"]

1. e4 c5 2. d4 cxd4 3. c3 dxc3 4. Nxc3 Nc6 5. Bc4 d6 6. Nf3 e6 7. O-O Nf6 8.
Qe2 Be7 9. Rd1 e5 10. Be3 Bg4 11. Rac1 O-O 12. Bd5 Qd7 13. Qd2 Bxf3 14. gxf3
Qh3 15. Qe2 Kh8 16. Nb5 a6 17. Bxc6 axb5 18. Bxb7 Rab8 19. Bc6 g5 20. Ba7 g4
21. f4 exf4 22. Qd3 g3 23. fxg3 fxg3 24. hxg3 Rg8 25. Rc3 Nh5 26. Bd4+ f6 27.
Bf2 Nf4 28. Qf3 b4 29. Rb3 Rg4 30. Bd7 Rxg3+ 31. Bxg3 Ne2+ 32. Qxe2 Qxg3+ 33.
Rxg3 1-0

[Event "I Open Alfa Lum A"]
[Site "Cagliari ITA"]
[Date "2009.08.30"]
[Round "5"]
[White "Massa, Gianluca"]
[Black "Serra, Mattia"]
[Result "1/2-1/2"]
[WhiteElo "1545"]
[BlackElo "1518"]
[PlyCount "81"]
[EventDate "2009.08.28"]

1. d4 d5 2. c4 e6 3. Nc3 Nf6 4. cxd5 exd5 5. Bg5 c6 6. e3 Bf5 7. Nf3 Nbd7 8.
Bd3 Bg6 9. Qc2 Be7 10. O-O O-O 11. Rab1 Bxd3 12. Qxd3 Ne4 13. Bxe7 Qxe7 14. b4
Nxc3 15. Qxc3 a6 16. a4 Nb6 17. Qc2 Nc4 18. Qd1 Nd6 19. Qd3 Qe4 20. Qxe4 Nxe4
21. Rfc1 Nd6 22. Nd2 f5 23. f3 Rae8 24. Re1 Re7 25. Rb3 Rfe8 26. Kf2 f4 27. e4
dxe4 28. Nxe4 Nxe4+ 29. Rxe4 Rxe4 30. fxe4 Rxe4 31. Rd3 Kf7 32. Kf3 Re3+ 33.
Rxe3 fxe3 34. Kxe3 Ke6 35. Ke4 b6 36. a5 b5 37. g4 g5 38. h3 h6 39. Ke3 Kd5 40.
Kd3 Kd6 41. Ke4 1/2-1/2

[Event "I Open Alfa Lum A"]
[Site "Cagliari ITA"]
[Date "2009.08.30"]
[Round "5"]
[White "Melis, Daniele"]
[Black "Lobina, Paolo"]
[Result "0-1"]
[WhiteElo "1368"]
[BlackElo "1767"]
[PlyCount "80"]
[EventDate "2009.08.28"]

1. e4 c5 2. d4 cxd4 3. c3 dxc3 4. Nxc3 Nc6 5. Bc4 a6 6. a4 e6 7. Nf3 Qc7 8. O-O
Nf6 9. Re1 Bc5 10. h3 h5 11. e5 Ng4 12. hxg4 hxg4 13. Ng5 Nxe5 14. Be2 f6 15.
Nge4 Nf3+ 16. Bxf3 Qh2+ 17. Kf1 gxf3 18. Qxf3 Be7 19. Bf4 Qh7 20. Ke2 e5 21.
Be3 Qg8 22. Nd2 d5 23. Nxd5 Rh4 24. Nc7+ Kf8 25. Nxa8 Bg4 26. Rac1 Bxf3+ 27.
Nxf3 Rc4 28. Nb6 Rxc1 29. Rxc1 Qb3 30. Rc8+ Kf7 31. Bc1 Qxb6 32. Nd2 Qd4 33.
Rc4 Qd5 34. f3 b6 35. Rc7 Ke6 36. Ne4 Qd4 37. b3 f5 38. Ng3 g6 39. Nf1 Qg1 40.
g3 Qg2+ 0-1

[Event "I Open Alfa Lum A"]
[Site "Cagliari ITA"]
[Date "2009.08.30"]
[Round "5"]
[White "Putzolu, Marcello"]
[Black "Palmas, Alessandro"]
[Result "0-1"]
[WhiteElo "1872"]
[BlackElo "1820"]
[PlyCount "112"]
[EventDate "2009.08.28"]

1. d4 Nf6 2. c4 e6 3. a3 d5 4. Nc3 c5 5. e3 Nc6 6. Nf3 Be7 7. Be2 O-O 8. O-O a6
9. Rb1 dxc4 10. Bxc4 b5 11. Be2 c4 12. e4 Qc7 13. e5 Nd5 14. Be3 Rd8 15. Nxd5
exd5 16. Qc1 Bf5 17. Ra1 Na5 18. Qc3 Rac8 19. Nd2 Nc6 20. f4 Qd7 21. h3 h5 22.
Bxh5 Bxh3 23. gxh3 Qxh3 24. Bf3 Qg3+ 25. Bg2 b4 26. Bf2 bxc3 27. Bxg3 cxd2 28.
Rad1 Nxd4 29. Rxd2 Nf5 30. Bf2 d4 31. Bh3 g6 32. Bxf5 gxf5 33. Rxd4 Rxd4 34.
Bxd4 Rd8 35. Bc3 Bc5+ 36. Kg2 Rd3 37. Rf3 Rd1 38. Rf1 Rd3 39. Rc1 Be3 40. Rc2
Bxf4 41. Re2 Re3 42. Rxe3 Bxe3 43. Kf3 f4 44. Be1 Kg7 45. Kg4 Kg6 46. Bc3 Bc1
47. Bd4 Bd2 48. Bc3 Bxc3 49. bxc3 f3 50. Kxf3 Kf5 51. a4 Kxe5 52. Ke3 f5 53.
Kf3 f4 54. a5 Kf5 55. Kf2 Ke4 56. Ke2 f3+ 0-1

[Event "I Open Alfa Lum A"]
[Site "Cagliari ITA"]
[Date "2009.08.30"]
[Round "5"]
[White "Rocco, Luciano"]
[Black "Boi, Fausto"]
[Result "1-0"]
[WhiteElo "1506"]
[BlackElo "1830"]
[PlyCount "99"]
[EventDate "2009.08.28"]

1. d4 g6 2. Nf3 Bg7 3. c4 e6 4. Nc3 d6 5. e4 Ne7 6. g3 b6 7. Bg2 Bb7 8. O-O Nd7
9. Qc2 O-O 10. Be3 a6 11. b3 c5 12. Rad1 Qc7 13. Rd2 Nf6 14. h3 Rab8 15. Rfd1
Rfd8 16. dxc5 bxc5 17. e5 Bxf3 18. Bxf3 Ne8 19. exd6 Rxd6 20. Ne4 Rxd2 21. Rxd2
f5 22. Nxc5 Qc8 23. Rd7 Nc6 24. Bxc6 Qxc6 25. Ra7 Qf3 26. Nxe6 Rc8 27. c5 Be5
28. Ng5 Qd5 29. Qc4 Qxc4 30. bxc4 Nc7 31. c6 Rb8 32. Bf4 Bxf4 33. gxf4 Rc8 34.
Nf3 Kf8 35. Ne5 Ke7 36. h4 Kd6 37. Kf1 Rb8 38. c5+ Kxc5 39. Nd7+ Kxc6 40. Nxb8+
Kb6 41. Rxc7 Kxc7 42. Nxa6+ Kb6 43. Nb4 Kb5 44. Nc2 Kc4 45. Ke2 h6 46. a3 Kd5
47. Kd3 Kc5 48. Kc3 Kb5 49. Kb3 Ka5 50. Nd4 1-0

[Event "I Open Alfa Lum A"]
[Site "Cagliari ITA"]
[Date "2009.08.30"]
[Round "5"]
[White "Sitzia, Carlo"]
[Black "Nessi, Davide"]
[Result "0-1"]
[WhiteElo "1487"]
[BlackElo "1584"]
[PlyCount "138"]
[EventDate "2009.08.28"]

1. d4 d5 2. c4 e6 3. Nc3 Nf6 4. Nf3 Nbd7 5. Bg5 Be7 6. e3 c6 7. Rc1 O-O 8. Bd3
dxc4 9. Bxc4 Nd5 10. Bxe7 Qxe7 11. O-O N7b6 12. Nxd5 cxd5 13. Bd3 Qd6 14. b3
Bd7 15. Re1 Rac8 16. Qd2 Rxc1 17. Rxc1 Rc8 18. Rxc8+ Nxc8 19. Qc2 g6 20. h3 Qc6
21. Nh2 Qxc2 22. Bxc2 Nd6 23. Ng4 Bb5 24. a4 Ba6 25. f3 Kg7 26. Kf2 b6 27. e4
Bb7 28. g3 dxe4 29. fxe4 Nxe4+ 30. Bxe4 Bxe4 31. b4 a5 32. bxa5 bxa5 33. Ne3
Bc6 34. Nc4 Bxa4 35. Nxa5 Kf6 36. g4 Ke7 37. Nc4 Bb5 38. Ne5 f6 39. Nf3 Bc6 40.
Nd2 Kd6 41. h4 Bh1 42. Ke3 Kd5 43. Nf1 Bg2 44. Ng3 h6 45. Ne2 e5 46. dxe5 fxe5
47. g5 hxg5 48. hxg5 Ke6 49. Ng3 Kd5 50. Kf2 Be4 51. Ke3 Bf5 52. Kf3 Bd3 53.
Ke3 Bb1 54. Ne2 Ke6 55. Ng3 Kd6 56. Kf3 Kd5 57. Ke3 e4 58. Ne2 Ke5 59. Ng3 Bd3
60. Ne2 Bxe2 61. Kxe2 Kf4 62. Kf2 Kxg5 63. Ke3 Kf5 64. Ke2 Kf4 65. Kf2 e3+ 66.
Ke2 g5 67. Ke1 Kf3 68. Kf1 g4 69. Ke1 e2 0-1

[Event "I Open Alfa Lum A"]
[Site "Cagliari ITA"]
[Date "2009.08.30"]
[Round "5"]
[White "Sotgiu, Roberto"]
[Black "Ravagnani, Tiziano"]
[Result "1-0"]
[WhiteElo "1726"]
[BlackElo "2053"]
[PlyCount "65"]
[EventDate "2009.08.28"]

1. e4 c5 2. Nc3 Nc6 3. f4 d6 4. Nf3 Bg4 5. Be2 e5 6. O-O Nf6 7. d3 Qb6 8. Nd5
Nxd5 9. exd5 c4+ 10. Kh1 cxd3 11. Qxd3 Nb4 12. Qb5+ Bd7 13. Qxb6 axb6 14. fxe5
Nxc2 15. Ng5 dxe5 16. Nxf7 Nxa1 17. Nxh8 Be7 18. Nf7 Bf6 19. Nd6+ Ke7 20. Ne4
Nc2 21. d6+ Kf8 22. Nxf6 gxf6 23. Rxf6+ Kg7 24. Rf3 Rxa2 25. Rg3+ Kh8 26. Bc4
Ra8 27. h3 b5 28. Bd5 Bf5 29. Bh6 Bg6 30. Bg5 h6 31. Bf6+ Kh7 32. d7 e4 33.
Bxe4 1-0

[Event "I Open Alfa Lum A"]
[Site "Cagliari ITA"]
[Date "2009.08.30"]
[Round "5"]
[White "Toniolo, Massimo"]
[Black "Costa, Gabriele"]
[Result "1-0"]
[WhiteElo "1674"]
[BlackElo "1320"]
[PlyCount "113"]
[EventDate "2009.08.28"]

1. e4 e5 2. Nf3 Nc6 3. Bb5 f5 4. d3 fxe4 5. Bxc6 dxc6 6. O-O exf3 7. Qxf3 Nf6
8. Bg5 Be7 9. Re1 O-O 10. Qe2 Ng4 11. Bxe7 Qxe7 12. h3 Nf6 13. d4 e4 14. Nd2
Bf5 15. c3 Rae8 16. f3 e3 17. Nc4 Nh5 18. g4 Nf4 19. Qh2 Bd3 20. Ne5 Qh4 21.
Rxe3 Nxh3+ 22. Kh1 Rxe5 23. dxe5 Bc4 24. Rg1 Bd5 25. Rg3 Nf2+ 26. Kg1 Qxh2+ 27.
Kxh2 Nd1 28. Re2 Bxf3 29. Rd2 Ne3 30. Kg1 Nxg4 31. e6 Ne5 32. e7 Re8 33. Rd8
Kf7 34. Rxg7+ Kxg7 35. Rxe8 Bh5 36. Ra8 Kf6 37. e8=Q Bxe8 38. Rxe8 c5 39. Rf8+
Ke6 40. Rh8 Kd6 41. Rxh7 c6 42. Rxb7 a5 43. Kf2 c4 44. Ke3 Kd5 45. Ra7 Nd3 46.
Rxa5+ c5 47. Rb5 Nc1 48. a4 Nd3 49. a5 Ne5 50. a6 Nc6 51. Rb7 Kd6 52. a7 Nxa7
53. Rxa7 Kc6 54. Ke4 Kb6 55. Rh7 Kb5 56. Kd5 Kb6 57. Kxc4 1-0

[Event "I Open Alfa Lum A"]
[Site "Cagliari ITA"]
[Date "2009.08.30"]
[Round "6"]
[White "Dessy, Eugenio"]
[Black "Melis, Daniele"]
[Result "1-0"]
[WhiteElo "1665"]
[BlackElo "1368"]
[PlyCount "67"]
[EventDate "2009.08.28"]

1. d4 Nf6 2. c4 Nc6 3. Nc3 e5 4. d5 Ne7 5. Bg5 Ng6 6. Nf3 Bc5 7. e4 d6 8. Bd3
c6 9. h3 h6 10. Bd2 a6 11. O-O O-O 12. Rb1 a5 13. Qe1 Bd7 14. Na4 Ba7 15. Be3
Bxe3 16. Qxe3 b5 17. Nb6 Rb8 18. Nxd7 Qxd7 19. dxc6 Qxc6 20. cxb5 Qb6 21. Qxb6
Rxb6 22. g3 Nd7 23. Rfe1 Nc5 24. Bf1 Ne7 25. Nd2 Rd8 26. Re3 Nc8 27. Ra3 a4 28.
f3 Rd7 29. b4 axb3 30. Nxb3 Ne6 31. Ra8 Rd8 32. Rc1 Kh7 33. Rcxc8 Rd7 34. a4
1-0